[Event "Philadelphia Open"]
[Site "Philadelphia, PA"]
[Date "2011.04.23"]
[Round "6"]
[White "Mulyar, Michael"]
[Black "Kekelidze, Mikheil"]
[Result "1/2-1/2"]
[WhiteElo "2396"]
[BlackElo "2460"]
[PlyCount "84"]
[EventDate "2011.04.??"]
[EventType "swiss"]
[EventRounds "9"]
[EventCountry "USA"]
[Source "MonRoi"]

1. d4 Nf6 2. c4 e6 3. g3 c5 4. Nf3 cxd4 5. Nxd4 d5 6. Bg2 e5 7. Nf3 d4 8. O-O
Nc6 9. e3 Bc5 10. exd4 exd4 11. Re1+ Be6 12. Bg5 O-O 13. Nbd2 h6 14. Bxf6 Qxf6
15. Ne4 Qe7 16. Nxc5 Qxc5 17. Nd2 d3 18. Bxc6 Qxc6 19. Re3 Rfd8 20. b3 a5 21.
a4 Bh3 22. Qf3 Qxf3 23. Nxf3 Ra6 24. Rd1 Rad6 25. Nd2 f6 26. f3 Bf5 27. Kf2 h5
28. Rde1 Kf8 29. Re7 R6d7 30. Rxd7 Rxd7 31. Re3 g5 32. Ke1 g4 33. Nf1 gxf3 34.
Rxf3 Re7+ 35. Re3 Be4 36. Kd2 f5 37. Re1 h4 38. Kc3 Rg7 39. Re3 hxg3 40. hxg3
Rd7 41. Nd2 Kf7 42. g4 Kf6 1/2-1/2

[Event "Philadelphia Open"]
[Site "Philadelphia, PA"]
[Date "2011.04.23"]
[Round "6"]
[White "Yang, Darwin"]
[Black "Stocek, Jiri"]
[Result "1/2-1/2"]
[WhiteElo "2416"]
[BlackElo "2580"]
[PlyCount "130"]
[EventDate "2011.04.??"]
[EventType "swiss"]
[EventRounds "9"]
[EventCountry "USA"]
[Source "MonRoi"]

1. d4 Nf6 2. c4 e6 3. Nc3 Bb4 4. e3 b6 5. Nge2 Bb7 6. a3 Be7 7. Ng3 d5 8. cxd5
Nxd5 9. Nxd5 Qxd5 10. e4 Qd7 11. Be3 O-O 12. Qb3 Nc6 13. Rd1 Na5 14. Qc3 f5 15.
b4 f4 16. Bxf4 Rxf4 17. bxa5 Qd6 18. f3 Qxa3 19. Qxa3 Bxa3 20. a6 Bc6 21. Bc4
Re8 22. Ke2 g6 23. Ke3 Rf7 24. f4 b5 25. Bb3 Kg7 26. Ra1 Bb4 27. Rhc1 Ba8 28.
Ne2 Rfe7 29. g4 h6 30. Rc2 g5 31. Rf1 c5 32. dxc5 Rc7 33. c6 Ba5 34. Rfc1 Bb6+
35. Kf3 Rd8 36. Bxe6 Rd3+ 37. Kg2 Be3 38. Rc3 Bxc1 39. Rxd3 Bxc6 40. Bd5 Bxd5
41. Rxd5 gxf4 42. Rxb5 Rc2 43. Kf3 Bd2 44. Rd5 Ra2 45. Nxf4 Bxf4 46. Kxf4 Rxa6
47. Kf5 Rf6+ 48. Ke5 Rf7 49. Rd6 a5 50. Ra6 Rf2 51. h4 Rg2 52. Kf4 Rf2+ 53. Ke3
Ra2 54. h5 a4 55. Kf4 a3 56. Ke5 Ra1 57. Ra7+ Kf8 58. Kf6 Rf1+ 59. Kg6 Rg1 60.
Kxh6 Rxg4 61. e5 Rg3 62. e6 Re3 63. Kg5 Rxe6 64. Rxa3 Kg7 65. h6+ Kh7 1/2-1/2

[Event "Philadelphia Open"]
[Site "Philadelphia, PA"]
[Date "2011.04.23"]
[Round "6"]
[White "Fedorowicz, John"]
[Black "Kiewra, Keaton"]
[Result "1-0"]
[WhiteElo "2444"]
[BlackElo "2380"]
[PlyCount "85"]
[EventDate "2011.04.??"]
[EventType "swiss"]
[EventRounds "9"]
[EventCountry "USA"]
[Source "MonRoi"]

1. d4 Nf6 2. c4 g6 3. Nc3 Bg7 4. e4 d6 5. f3 O-O 6. Be3 c5 7. d5 e6 8. Qd2 exd5
9. cxd5 Re8 10. Be2 a6 11. a4 b6 12. Rb1 Ra7 13. b4 cxb4 14. Rxb4 Rb7 15. Bd3
Nfd7 16. Nge2 Nc5 17. Bc2 f5 18. O-O Rf7 19. Rfb1 fxe4 20. Nxe4 Nxe4 21. Rxe4
Rxe4 22. Bxe4 Nd7 23. Nd4 Nc5 24. Ne6 Nxe4 25. fxe4 Qh4 26. Nxg7 Rxg7 27. Qc2
Bd7 28. Bf2 Qf6 29. Bxb6 Rf7 30. h3 Rf8 31. Be3 Qe5 32. Bf2 Rc8 33. Qd3 Bxa4
34. Qxa6 Bd7 35. Qd3 Rc3 36. Qe2 Bf5 37. Rb8+ Rc8 38. Rxc8+ Bxc8 39. Qd3 Bd7
40. Bg3 Qf6 41. Qc4 Kf7 42. Qb4 g5 43. Bxd6 1-0

[Event "Philadelphia Open"]
[Site "Philadelphia, PA"]
[Date "2011.04.23"]
[Round "6"]
[White "Bartholomew, John"]
[Black "Barnett, Alex"]
[Result "1-0"]
[WhiteElo "2442"]
[BlackElo "2280"]
[PlyCount "73"]
[EventDate "2011.04.??"]
[EventType "swiss"]
[EventRounds "9"]
[EventCountry "USA"]
[Source "MonRoi"]

1. c4 e5 2. g3 Nf6 3. Bg2 Nc6 4. Nc3 Bc5 5. Nf3 d6 6. d3 h6 7. O-O a6 8. a3 Ba7
9. b4 Be6 10. Bb2 Qc8 11. Rc1 O-O 12. e3 a5 13. Qb3 Bh3 14. Nd5 axb4 15. axb4
Nxd5 16. Bxh3 Qxh3 17. cxd5 Qg4 18. Nd2 Ne7 19. Rxc7 Nf5 20. Re1 h5 21. Qc4 Qh3
22. Nf3 Nh6 23. Qh4 Qf5 24. Qe4 Qxe4 25. dxe4 f5 26. Rxb7 fxe4 27. Ng5 Ng4 28.
Nxe4 Rab8 29. Rxb8 Rxb8 30. Bc3 Rc8 31. Ra1 Bb6 32. Ra6 Bxe3 33. fxe3 Rc4 34.
b5 Rxe4 35. b6 Nf6 36. b7 Nd7 37. Rxd6 1-0

[Event "Philadelphia Open"]
[Site "Philadelphia, PA"]
[Date "2011.04.23"]
[Round "6"]
[White "Aaron, Deepak"]
[Black "Lapshun, Yury"]
[Result "0-1"]
[WhiteElo "2253"]
[BlackElo "2438"]
[PlyCount "74"]
[EventDate "2011.04.??"]
[EventType "swiss"]
[EventRounds "9"]
[EventCountry "USA"]
[Source "MonRoi"]

1. e4 e5 2. Nf3 Nc6 3. d4 exd4 4. Nxd4 Nf6 5. Nxc6 bxc6 6. e5 Qe7 7. Qe2 Nd5 8.
Nd2 d6 9. Nc4 Be6 10. b3 dxe5 11. Ba3 Qxa3 12. Nxa3 Bb4+ 13. Qd2 Rd8 14. c4
Bxd2+ 15. Kxd2 Nb4+ 16. Kc3 a5 17. Nc2 Nxc2 18. Kxc2 Bf5+ 19. Kc3 Ke7 20. Be2
Rd4 21. Rad1 c5 22. f4 Rhd8 23. fxe5 Rxd1 24. Rxd1 Rxd1 25. Bxd1 Ke6 26. a3
Kxe5 27. b4 axb4+ 28. axb4 cxb4+ 29. Kxb4 Kd4 30. c5 c6 31. Bb3 Be6 32. Bc2 g6
33. h4 h6 34. Ba4 Bd5 35. g4 f5 36. h5 fxg4 37. Bxc6 g3 0-1

[Event "Philadelphia Open"]
[Site "Philadelphia, PA"]
[Date "2011.04.23"]
[Round "6"]
[White "Arnold, Marc"]
[Black "Shen, Victor"]
[Result "1/2-1/2"]
[WhiteElo "2435"]
[BlackElo "2269"]
[PlyCount "100"]
[EventDate "2011.04.??"]
[EventType "swiss"]
[EventRounds "9"]
[EventCountry "USA"]
[Source "MonRoi"]

1. Nf3 Nf6 2. c4 e6 3. Nc3 Bb4 4. Qb3 c5 5. a3 Bxc3 6. Qxc3 b6 7. d4 d6 8. g3
Bb7 9. Bg2 Nbd7 10. O-O Qc7 11. b3 Rc8 12. Bb2 O-O 13. Rfd1 a6 14. Qe3 cxd4 15.
Qxd4 Nc5 16. Qe3 e5 17. Bh3 Rcd8 18. Nh4 Rfe8 19. Nf5 Qc6 20. f3 Ne6 21. Qd2
Qc5+ 22. Kf1 Rd7 23. e4 b5 24. Rac1 bxc4 25. bxc4 Red8 26. Ne3 Rc7 27. Bc3 Nd4
28. Bxd4 exd4 29. Qxd4 Qxa3 30. c5 Ne8 31. Rc3 Qb2 32. Rd2 Qa1+ 33. Kf2 Bc8 34.
Bf1 Bb7 35. Nc2 Qa5 36. Nb4 Rdc8 37. c6 Bxc6 38. Nxa6 Rb7 39. Rdc2 Rb6 40. Bh3
Ra8 41. Rxc6 Rxc6 42. Rxc6 Qa2+ 43. Ke3 Rxa6 44. Rc8 Ra8 45. Qc3 g6 46. Bd7
Rxc8 47. Qxc8 Qxh2 48. Qxe8+ Kg7 49. Qc8 Qxg3 50. Qc3+ Kg8 1/2-1/2

[Event "Philadelphia Open"]
[Site "Philadelphia, PA"]
[Date "2011.04.23"]
[Round "6"]
[White "Harmon-Vellotti, Luke"]
[Black "Bryant, John"]
[Result "1-0"]
[WhiteElo "2128"]
[BlackElo "2418"]
[PlyCount "81"]
[EventDate "2011.04.??"]
[EventType "swiss"]
[EventRounds "9"]
[EventCountry "USA"]
[Source "MonRoi"]

1. e4 c5 2. Nf3 d6 3. d4 Nf6 4. Nc3 cxd4 5. Nxd4 a6 6. Be3 e5 7. Nb3 Be7 8. f3
Be6 9. Qd2 O-O 10. O-O-O Nbd7 11. g4 b5 12. h4 b4 13. Nd5 Bxd5 14. exd5 a5 15.
Kb1 Nb6 16. Bxb6 Qxb6 17. Bd3 a4 18. Nc1 a3 19. b3 Qd4 20. c4 bxc3 21. Qc2 Qc5
22. Be4 Rfc8 23. Nd3 Qa5 24. Ne1 Rc5 25. Qd3 Rb8 26. Nc2 Rbb5 27. g5 Nxd5 28.
Bxh7+ Kh8 29. Qf5 Ne3 30. Qxf7 Kxh7 31. Rc1 Nd5 32. g6+ Kh6 33. Qg8 Nf6 34.
Qh8+ Kxg6 35. Rhg1+ Kf7 36. Rxg7+ Ke6 37. Re1 Qa4 38. Ka1 Qf4 39. Qa8 Qd2 40.
Kb1 Rd5 41. Qc8+ 1-0

[Event "Philadelphia Open"]
[Site "Philadelphia, PA"]
[Date "2011.04.23"]
[Round "6"]
[White "Kulic, Sasa"]
[Black "Milman, Lev"]
[Result "1/2-1/2"]
[WhiteElo "2201"]
[BlackElo "2462"]
[PlyCount "40"]
[EventDate "2011.04.??"]
[EventType "swiss"]
[EventRounds "9"]
[EventCountry "USA"]
[Source "MonRoi"]

1. e4 c5 2. Nf3 d6 3. d4 cxd4 4. Nxd4 Nf6 5. Nc3 a6 6. Be2 e5 7. Nb3 Be7 8. Bg5
Be6 9. Bxf6 Bxf6 10. Qd3 O-O 11. O-O-O Be7 12. Nd5 Bxd5 13. Qxd5 Qb6 14. Rhf1
Nd7 15. Kb1 Rac8 16. Nd2 Qc7 17. Nc4 b5 18. Ne3 Nb6 19. Qb3 Qb7 20. Nd5 Nxd5
1/2-1/2

[Event "Philadelphia Open"]
[Site "Philadelphia, PA"]
[Date "2011.04.23"]
[Round "6"]
[White "Bonin, Jay"]
[Black "Hua, David"]
[Result "1/2-1/2"]
[WhiteElo "2296"]
[BlackElo "2013"]
[PlyCount "76"]
[EventDate "2011.04.??"]
[EventType "swiss"]
[EventRounds "9"]
[EventCountry "USA"]
[Source "MonRoi"]

1. d4 Nf6 2. Nf3 e6 3. c4 b6 4. g3 Bb7 5. Bg2 Be7 6. O-O O-O 7. Nc3 Ne4 8. Nxe4
Bxe4 9. Ne1 Bxg2 10. Nxg2 d5 11. Qa4 dxc4 12. Qxc4 c5 13. Be3 cxd4 14. Bxd4 Qc8
15. Rac1 Na6 16. Qb5 Qb7 17. Nf4 Rfd8 18. Rc4 Rac8 19. Rfc1 Rxc4 20. Qxc4 b5
21. Qc3 Nb4 22. Qe3 Nxa2 23. Ra1 Nb4 24. Rxa7 Qc8 25. Rxe7 Nc2 26. Qe5 Nxd4 27.
Nh5 Qc1+ 28. Kg2 Nf5 29. e4 Qc6 30. Ra7 f6 31. Qc7 Qxe4+ 32. Kh3 Qd3 33. Nf4
Qf1+ 34. Ng2 Qd1 35. Qf7+ Kh8 36. Ne3 Qf3 37. Qxe6 Nxe3 38. Qxe3 Qxe3 1/2-1/2

[Event "Philadelphia Open"]
[Site "Philadelphia, PA"]
[Date "2011.04.23"]
[Round "6"]
[White "Adu, Oladapo"]
[Black "Juac, Majur"]
[Result "1-0"]
[WhiteElo "2295"]
[BlackElo "2126"]
[PlyCount "73"]
[EventDate "2011.04.??"]
[EventType "swiss"]
[EventRounds "9"]
[EventCountry "USA"]
[Source "MonRoi"]

1. e4 c5 2. Nf3 Nc6 3. d3 d6 4. g3 Bg4 5. h3 Bh5 6. Bg2 Qd7 7. c3 Nf6 8. Bg5 h6
9. Bxf6 exf6 10. g4 Bg6 11. Nh4 O-O-O 12. f4 f5 13. gxf5 Bh7 14. Qg4 Be7 15.
Nd2 Rde8 16. O-O-O Bf6 17. Nc4 Kb8 18. Ne3 Bxh4 19. Qxh4 f6 20. d4 cxd4 21.
cxd4 d5 22. Nxd5 Bg8 23. Nc3 Bc4 24. Bf1 Na5 25. Qf2 Rc8 26. Kb1 Rc6 27. d5 Rb6
28. Qc5 Bxf1 29. Rhxf1 Ra6 30. Qb5 Qd6 31. Rde1 Rc8 32. e5 Qd8 33. e6 Qe7 34.
d6 Qxd6 35. e7 Rb6 36. e8=Q Nc4 37. Qxc4 1-0

[Event "Philadelphia Open"]
[Site "Philadelphia, PA"]
[Date "2011.04.23"]
[Round "6"]
[White "Gorman, Dov"]
[Black "Ding, Andrew"]
[Result "1-0"]
[WhiteElo "2292"]
[BlackElo "2005"]
[PlyCount "53"]
[EventDate "2011.04.??"]
[EventType "swiss"]
[EventRounds "9"]
[EventCountry "USA"]
[Source "MonRoi"]

1. e4 c5 2. Nf3 e6 3. b3 d6 4. Bb2 e5 5. Bb5+ Nc6 6. O-O Nf6 7. d3 Be7 8. Bxc6+
bxc6 9. Nbd2 O-O 10. Nc4 Re8 11. Kh1 Be6 12. Nfd2 Nd7 13. g3 f6 14. f4 Qc7 15.
Qe2 d5 16. Ne3 Rad8 17. Rf2 exf4 18. gxf4 Nf8 19. Rg1 d4 20. Nef1 f5 21. Qh5
Qd7 22. c4 dxc3 23. Bxc3 Ng6 24. Rf3 Bf8 25. Rh3 Nxf4 26. Qxh7+ Kf7 27. Rxg7+
1-0

[Event "Philadelphia Open"]
[Site "Philadelphia, PA"]
[Date "2011.04.23"]
[Round "7"]
[White "Mitkov, Nikola"]
[Black "Becerra Rivero, Julio"]
[Result "1/2-1/2"]
[WhiteElo "2529"]
[BlackElo "2549"]
[PlyCount "22"]
[EventDate "2011.04.??"]
[EventType "swiss"]
[EventRounds "9"]
[EventCountry "USA"]
[Source "MonRoi"]

1. e4 e5 2. Nf3 Nc6 3. Bb5 a6 4. Ba4 Nf6 5. d3 d6 6. O-O b5 7. Bb3 Na5 8. Re1
Be7 9. c3 Nxb3 10. axb3 Bb7 11. Nbd2 O-O 1/2-1/2

[Event "Philadelphia Open"]
[Site "Philadelphia, PA"]
[Date "2011.04.23"]
[Round "7"]
[White "Gelashvili, Tamaz"]
[Black "Bartholomew, John"]
[Result "1-0"]
[WhiteElo "2596"]
[BlackElo "2442"]
[PlyCount "79"]
[EventDate "2011.04.??"]
[EventType "swiss"]
[EventRounds "9"]
[EventCountry "USA"]
[Source "MonRoi"]

1. d4 d5 2. Nf3 Nf6 3. c4 c6 4. Nbd2 Bf5 5. Nh4 Bg6 6. Qb3 Qc7 7. e3 e6 8. Nxg6
hxg6 9. g3 Nbd7 10. Bg2 Be7 11. a3 Rc8 12. O-O O-O 13. e4 dxe4 14. Nxe4 Nxe4
15. Bxe4 e5 16. dxe5 Nc5 17. Qe3 Qxe5 18. Bg2 Bf6 19. Ra2 Rcd8 20. Qxe5 Bxe5
21. b4 Na4 22. Bf3 Bf6 23. Re1 Rd3 24. Kg2 Rfd8 25. Rc2 a6 26. h4 Kf8 27. Re3
Rxe3 28. Bxe3 Bb2 29. c5 Be5 30. Bc1 Rd3 31. Re2 Bf6 32. Bg4 Rd8 33. Bf4 Nc3
34. Re1 Nd5 35. Bc1 a5 36. bxa5 Be7 37. Bb2 Bxc5 38. a6 b6 39. Be2 Ra8 40. Rd1
1-0

[Event "Philadelphia Open"]
[Site "Philadelphia, PA"]
[Date "2011.04.23"]
[Round "7"]
[White "Lapshun, Yury"]
[Black "Perelshteyn, Eugene"]
[Result "1/2-1/2"]
[WhiteElo "2438"]
[BlackElo "2533"]
[PlyCount "46"]
[EventDate "2011.04.??"]
[EventType "swiss"]
[EventRounds "9"]
[EventCountry "USA"]
[Source "MonRoi"]

1. e4 c5 2. Nf3 g6 3. d4 cxd4 4. Nxd4 Nc6 5. c4 Bg7 6. Be3 Nf6 7. Nc3 d6 8. Be2
O-O 9. O-O Nxd4 10. Bxd4 a5 11. e5 dxe5 12. Bxe5 Be6 13. b3 Qxd1 14. Raxd1 Nd7
15. Bxg7 Kxg7 16. Rd4 Nc5 17. Rfd1 Ra6 18. f4 Rb6 19. Nb5 Rc8 20. Na7 Ra8 21.
Nb5 Rc8 22. Na7 Ra8 23. Nb5 Rc8 1/2-1/2

[Event "Philadelphia Open"]
[Site "Philadelphia, PA"]
[Date "2011.04.23"]
[Round "7"]
[White "Amanov, Mesgen"]
[Black "Mulyar, Michael"]
[Result "1-0"]
[WhiteElo "2495"]
[BlackElo "2396"]
[PlyCount "89"]
[EventDate "2011.04.??"]
[EventType "swiss"]
[EventRounds "9"]
[EventCountry "USA"]
[Source "MonRoi"]

1. d4 d5 2. c4 c6 3. Nf3 Nf6 4. Nc3 e6 5. Bg5 dxc4 6. e4 b5 7. e5 h6 8. Bh4 g5
9. Nxg5 hxg5 10. Bxg5 Nbd7 11. g3 Rg8 12. h4 Rxg5 13. hxg5 Nd5 14. g6 fxg6 15.
Qg4 Qe7 16. Bg2 Bb7 17. Bxd5 exd5 18. Qxg6+ Qf7 19. Qxf7+ Kxf7 20. f4 Kg8 21.
e6 Nf6 22. O-O-O b4 23. Na4 c5 24. Nxc5 Bxc5 25. dxc5 d4 26. Rhe1 d3 27. b3 Bf3
28. bxc4 Bxd1 29. Kxd1 Kf8 30. Kd2 Ke7 31. Kxd3 Rg8 32. Re3 Ng4 33. Re2 Nf6 34.
Kd4 Rxg3 35. c6 Kd6 36. e7 Ne8 37. c5+ Kxc6 38. f5 Rf3 39. Re6+ Kd7 40. c6+ Kc7
41. Rg6 Rxf5 42. Rg8 Nd6 43. Rd8 Rf4+ 44. Kd5 Rf5+ 45. Ke6 1-0

[Event "Philadelphia Open"]
[Site "Philadelphia, PA"]
[Date "2011.04.23"]
[Round "7"]
[White "Kekelidze, Mikheil"]
[Black "Harmon-Vellotti, Luke"]
[Result "0-1"]
[WhiteElo "2460"]
[BlackElo "2128"]
[PlyCount "130"]
[EventDate "2011.04.??"]
[EventType "swiss"]
[EventRounds "9"]
[EventCountry "USA"]
[Source "MonRoi"]

1. d4 Nf6 2. Nf3 e6 3. c4 b6 4. g3 Bb7 5. Bg2 Be7 6. O-O O-O 7. Re1 Ne4 8. Nfd2
f5 9. Nxe4 Bxe4 10. Bxe4 fxe4 11. Nc3 Bb4 12. Qb3 Nc6 13. d5 Qf6 14. Nxe4 Qf5
15. Rf1 Qxe4 16. dxc6 Bc5 17. cxd7 Rxf2 18. Rxf2 Qxe2 19. Bf4 Bxf2+ 20. Kg2
Be1+ 21. Kh3 Qf1+ 22. Kg4 h5+ 23. Kg5 Qh3 24. Qd1 Qf5+ 25. Kh4 Qxf4+ 26. Kh3
Qf1+ 27. Kh4 Qf6+ 28. Kh3 Bb4 29. Qxh5 Qf5+ 30. Qxf5 exf5 31. Rf1 g6 32. g4
fxg4+ 33. Kxg4 Rd8 34. Rd1 Bd6 35. Rd3 Bxh2 36. b4 Bd6 37. a3 Be7 38. Kf4 Bf6
39. c5 bxc5 40. bxc5 Kf7 41. c6 Ke6 42. Kg4 Rb8 43. Kf4 Bd8 44. Rh3 Kd6 45. Rh6
Kxc6 46. Rxg6+ Kxd7 47. Ra6 Rb7 48. Ke4 c6 49. Kd3 Bb6 50. Ra4 Rb8 51. Rg4 Re8
52. Kc4 Re7 53. Kb4 Kc7 54. Rh4 Rd7 55. Rh5 Kb7 56. Rf5 Rd4+ 57. Kb3 Ka6 58.
Rh5 c5 59. Rh1 Kb5 60. Rb1 Rd3+ 61. Kc2+ Kc4 62. Ra1 Ba5 63. a4 Rd2+ 64. Kc1
Rh2 65. Ra3 Bc3 0-1

[Event "Philadelphia Open"]
[Site "Philadelphia, PA"]
[Date "2011.04.23"]
[Round "7"]
[White "Matamoros Franco, Carlos S"]
[Black "Adu, Oladapo"]
[Result "1-0"]
[WhiteElo "2549"]
[BlackElo "2295"]
[PlyCount "61"]
[EventDate "2011.04.??"]
[EventType "swiss"]
[EventRounds "9"]
[EventCountry "USA"]
[Source "MonRoi"]

1. c4 e5 2. g3 Nc6 3. Nc3 g6 4. Bg2 Bg7 5. e4 d6 6. Nge2 Nge7 7. d3 Be6 8. Nd5
Qd7 9. Be3 Nd4 10. Nxd4 Bxd5 11. cxd5 exd4 12. Bd2 Qb5 13. a4 Qd7 14. b4 c6 15.
dxc6 bxc6 16. O-O O-O 17. Rc1 Rfc8 18. Rc4 Rab8 19. Qc2 d5 20. exd5 cxd5 21.
Rxc8+ Rxc8 22. Qb3 Rc3 23. Bxc3 dxc3 24. b5 Qd6 25. a5 Bd4 26. Rc1 Qc5 27. Rc2
h5 28. b6 axb6 29. axb6 Nc6 30. Bxd5 Nb4 31. b7 1-0

[Event "Philadelphia Open"]
[Site "Philadelphia, PA"]
[Date "2011.04.23"]
[Round "7"]
[White "Stopa, Jacek"]
[Black "Gorman, Dov"]
[Result "1-0"]
[WhiteElo "2453"]
[BlackElo "2292"]
[PlyCount "105"]
[EventDate "2011.04.??"]
[EventType "swiss"]
[EventRounds "9"]
[EventCountry "USA"]
[Source "MonRoi"]

1. e4 c5 2. Nf3 d6 3. d4 cxd4 4. Nxd4 Nf6 5. Nc3 g6 6. Be3 Bg7 7. f3 Nc6 8. Qd2
O-O 9. O-O-O d5 10. Kb1 Rb8 11. Ndb5 a6 12. Na7 e6 13. exd5 Nxd5 14. Nxd5 exd5
15. Nxc8 Rxc8 16. Bh6 Bxh6 17. Qxh6 Qf6 18. Qd2 Rfd8 19. f4 Qe7 20. a3 b5 21.
h4 Rb8 22. Rh3 b4 23. a4 b3 24. cxb3 Nb4 25. Bd3 Qf6 26. h5 a5 27. hxg6 fxg6
28. g4 Rb7 29. f5 g5 30. Rdh1 Re8 31. Bb5 Rc8 32. Rc3 Rd8 33. Rhc1 Re7 34. Qh2
Qe5 35. Qh6 Qg7 36. Qb6 Rf8 37. Rc8 Qe5 38. Rxf8+ Kxf8 39. Qh6+ Kf7 40. Qxh7+
Qg7 41. Qh5+ Kf6 42. Rh1 Re4 43. Qh2 Re5 44. Qg1 Kf7 45. Qh2 Ke7 46. Rc1 Kd8
47. Qf2 Qf6 48. Qa7 Qd6 49. Qa8+ Ke7 50. Qe8+ Kf6 51. Qg6+ Ke7 52. Qg7+ Kd8 53.
Qxg5+ 1-0

[Event "Philadelphia Open"]
[Site "Philadelphia, PA"]
[Date "2011.04.23"]
[Round "7"]
[White "Ludwig, Daniel"]
[Black "Holt, Conrad"]
[Result "1-0"]
[WhiteElo "2450"]
[BlackElo "2408"]
[PlyCount "103"]
[EventDate "2011.04.??"]
[EventType "swiss"]
[EventRounds "9"]
[EventCountry "USA"]
[Source "MonRoi"]

1. d4 d5 2. c4 c6 3. Nf3 Nf6 4. e3 Bg4 5. Qb3 Qb6 6. Nc3 e6 7. Nh4 Bh5 8. h3
Qxb3 9. axb3 Na6 10. g4 Nb4 11. Ra4 Bg6 12. Nxg6 hxg6 13. f3 Nd7 14. Kf2 a5 15.
Bd2 b5 16. Ra1 bxc4 17. bxc4 dxc4 18. Bxc4 Kd8 19. Ne4 Be7 20. Kg2 Kc7 21. Rhc1
Rhb8 22. Nf2 Kb7 23. Be2 g5 24. e4 e5 25. Bc3 exd4 26. Bxd4 Bf6 27. Bxf6 gxf6
28. f4 Rd8 29. Kf3 Nf8 30. e5 Ne6 31. Bc4 Nd4+ 32. Kg2 gxf4 33. exf6 f3+ 34.
Kg3 Re8 35. Bxf7 Rf8 36. Bc4 Rxf6 37. Ne4 Rff8 38. Nc5+ Kc7 39. Ne6+ Nxe6 40.
Bxe6 Rfe8 41. Bc4 Rf8 42. Rc3 f2 43. Rf1 Rad8 44. b3 Rd2 45. Rf3 Rxf3+ 46. Kxf3
Rc2 47. g5 Nd5 48. Bxd5 Rc3+ 49. Kxf2 cxd5 50. g6 Rxb3 51. g7 Rb8 52. Rg1 1-0

[Event "Philadelphia Open"]
[Site "Philadelphia, PA"]
[Date "2011.04.23"]
[Round "7"]
[White "Gu, Christopher"]
[Black "Arnold, Marc"]
[Result "1/2-1/2"]
[WhiteElo "2180"]
[BlackElo "2435"]
[PlyCount "56"]
[EventDate "2011.04.??"]
[EventType "swiss"]
[EventRounds "9"]
[EventCountry "USA"]
[Source "MonRoi"]

1. e4 c5 2. c3 d5 3. exd5 Qxd5 4. d4 g6 5. Nf3 Bg7 6. Na3 Nf6 7. Be3 cxd4 8.
Nb5 O-O 9. Nfxd4 Na6 10. c4 Qe4 11. Nc3 Qh4 12. g3 Qg4 13. h3 Qd7 14. Bg2 Qc7
15. Qe2 Bd7 16. O-O Nb4 17. Rac1 Nc6 18. Rfd1 Rac8 19. b3 b6 20. Qe1 Rfe8 21.
Nde2 Qb8 22. Bg5 Red8 23. Nd5 Nxd5 24. cxd5 Ne5 25. Rxc8 Bxc8 26. f4 f6 27.
fxe5 fxg5 28. Nd4 Bd7 1/2-1/2

[Event "Philadelphia Open"]
[Site "Philadelphia, PA"]
[Date "2011.04.23"]
[Round "7"]
[White "Shen, Victor"]
[Black "Yang, Darwin"]
[Result "1/2-1/2"]
[WhiteElo "2269"]
[BlackElo "2416"]
[PlyCount "47"]
[EventDate "2011.04.??"]
[EventType "swiss"]
[EventRounds "9"]
[EventCountry "USA"]
[Source "MonRoi"]

1. e4 e6 2. d4 d5 3. Nd2 c5 4. Ngf3 Nc6 5. exd5 exd5 6. dxc5 Bxc5 7. Nb3 Bd6 8.
Bb5 Nge7 9. O-O O-O 10. Bg5 h6 11. Bh4 Qb6 12. Bd3 a5 13. a4 Nf5 14. Bxf5 Bxf5
15. Qxd5 Bxc2 16. Qxd6 Qxb3 17. Qa3 Rfe8 18. Qxb3 Bxb3 19. Ra3 Bd5 20. Rd1 Bxf3
21. gxf3 g5 22. Bg3 Rad8 23. Rxd8 Rxd8 24. Rb3 1/2-1/2

[Event "Philadelphia Open"]
[Site "Philadelphia, PA"]
[Date "2011.04.23"]
[Round "7"]
[White "Bryant, John"]
[Black "Fikiet, Alex"]
[Result "1-0"]
[WhiteElo "2418"]
[BlackElo "2233"]
[PlyCount "113"]
[EventDate "2011.04.??"]
[EventType "swiss"]
[EventRounds "9"]
[EventCountry "USA"]
[Source "MonRoi"]

1. e4 e5 2. Nf3 Nc6 3. Bc4 Nf6 4. d3 Bc5 5. c3 d6 6. Bb3 h6 7. O-O O-O 8. Re1
a6 9. h3 b5 10. Nbd2 Re8 11. Nf1 Bb6 12. Ng3 Ne7 13. Nh4 Be6 14. Qf3 Ng6 15.
Nhf5 d5 16. exd5 Nxd5 17. Qh5 Qf6 18. Bxd5 Bxd5 19. Re4 Nf4 20. Bxf4 Bxe4 21.
Nxe4 Qg6 22. Nxg7 Kxg7 23. Bxe5+ Kf8 24. Qxg6 fxg6 25. d4 Rad8 26. a4 bxa4 27.
Rxa4 a5 28. Rc4 Kf7 29. f4 Rd5 30. Kh2 Rb5 31. Nf6 Re6 32. Ng4 h5 33. Nh6+ Ke8
34. Kg3 Rxb2 35. d5 Re7 36. Rc6 g5 37. c4 gxf4+ 38. Bxf4 Rg7+ 39. Kh4 Rc2 40.
Kxh5 a4 41. d6 Kd8 42. Nf5 Rd7 43. g4 a3 44. h4 a2 45. Be5 Rc1 46. c5 Rxc5 47.
dxc7+ Rxc7 48. Bf6+ Kc8 49. Rxb6 Ra5 50. Kg6 Rcc5 51. h5 Kc7 52. Re6 Rc4 53. g5
Rf4 54. Re5 Ra6 55. Re7+ Kb8 56. Re1 Ra5 57. h6 1-0

[Event "Philadelphia Open"]
[Site "Philadelphia, PA"]
[Date "2011.04.23"]
[Round "7"]
[White "Kiewra, Keaton"]
[Black "Belliard Alonzo, Luis"]
[Result "0-1"]
[WhiteElo "2380"]
[BlackElo "2212"]
[PlyCount "72"]
[EventDate "2011.04.??"]
[EventType "swiss"]
[EventRounds "9"]
[EventCountry "USA"]
[Source "MonRoi"]

1. e4 d6 2. d4 Nf6 3. Nc3 g6 4. Bc4 Bg7 5. Qe2 e5 6. dxe5 dxe5 7. Nf3 Qe7 8.
Bg5 c6 9. O-O-O h6 10. Bh4 O-O 11. h3 b5 12. Bb3 a5 13. a4 b4 14. Nb1 Nbd7 15.
Nbd2 Nc5 16. Kb1 g5 17. Bg3 Nfd7 18. h4 g4 19. Nh2 Nf6 20. f3 h5 21. Nc4 Be6
22. Qe3 Nxb3 23. cxb3 Bxc4 24. bxc4 b3 25. Rd3 Rab8 26. Rxb3 Nd7 27. Rd1 Nc5
28. Rxb8 Rxb8 29. Qg5 f6 30. Qxh5 Nxa4 31. Rd2 Qb4 32. Be1 Nc3+ 33. Kc1 Qa4 34.
b4 Qa1+ 35. Kc2 Qb1+ 36. Kxc3 axb4# 0-1

[Event "Philadelphia Open"]
[Site "Philadelphia, PA"]
[Date "2011.04.23"]
[Round "7"]
[White "Vucic, Mladen"]
[Black "Kulic, Sasa"]
[Result "1/2-1/2"]
[WhiteElo "2332"]
[BlackElo "2201"]
[PlyCount "125"]
[EventDate "2011.04.??"]
[EventType "swiss"]
[EventRounds "9"]
[EventCountry "USA"]
[Source "MonRoi"]

1. d4 Nf6 2. Nf3 g6 3. c4 Bg7 4. g3 O-O 5. Bg2 d5 6. cxd5 Nxd5 7. Nc3 Nb6 8.
O-O Nc6 9. e3 Re8 10. Re1 a5 11. h3 a4 12. a3 Be6 13. Nd2 Na5 14. f4 Qc8 15.
Kh2 Rd8 16. Nce4 Nb3 17. Nxb3 Bxb3 18. Qe2 Bc4 19. Qf2 Nd7 20. Nc3 c5 21. d5
Nb6 22. e4 e6 23. dxe6 Bxe6 24. e5 Nc4 25. Ne4 Ra5 26. Be3 Rb5 27. Re2 b6 28.
Rc1 Rb3 29. Rc3 Rd3 30. Rxd3 Rxd3 31. Bc1 Qd8 32. Nc3 Qd7 33. Be4 Rd4 34. g4 f5
35. exf6 Bxf6 36. Qf3 Nd2 37. Bxd2 Rxd2 38. Qe3 Bxc3 39. bxc3 Rxe2+ 40. Qxe2
Qd6 41. Kg3 g5 42. Qe3 b5 43. Kf3 gxf4 44. Qxf4 Qxf4+ 45. Kxf4 b4 46. cxb4 cxb4
47. axb4 a3 48. Bb1 a2 49. Bxa2 Bxa2 50. b5 Kg7 51. b6 Bd5 52. Kf5 Bc6 53. h4
Bd7+ 54. Ke5 Bc8 55. Kd6 Kf6 56. Kc7 Ba6 57. Kd6 Bb7 58. Kc7 Bf3 59. b7 Bxb7
60. Kxb7 Ke5 61. Kc6 Kf4 62. Kd5 Kxg4 63. Ke4 1/2-1/2